00326pab a2200133 454500008004000000100001800040245003900058260000900097300001300106362001100119650001400130650001400144773003400158180718b2014 xxu||||| |||| 00| 0 eng d aKrishna Kumar aRurality, modernity, and education c2014 ap.38-43. a31 May aModernism aEducation aEconomic and Political Weekly